01117njm a22002537a 450000500170000000700150001700800410003202800340007303500130010710000180012024501220013824601100026026000450037030000810041550000180049650000230051450000110053750000190054850501940056765000480076170000170080970000180082670000190084420100914101026.0sd ammalaaahaa100914t xxu||||| |||| 00| 0 hin d a7EPE 7079bHis Master's Voice aGR-02384 aKishore Kumar aIshk ishk ishk /cby Kishore Kumar & Asha Bhosle ; music by R. D. Burman ; lyric by Anand Bakshih[sound recording] : aइश्क इश्क इश्क (किशोर कुमार और आशा भोसले) aDum Dum, IndiabHis Master's Voicec1974 a1 sound disc [Gramophone record] :banalog, 45 rpmc7 in.fGramophone record aBrief record. aHis Master's Voice aOrange aExtended Play  aPart 1 Achhe bachche nahin rote hain (Kishore Kumar) अछे बच्चे नहीं रोते हैं Part 2 Kisi na kisi se (Asha Bhosle) किसी न किसी से  aClassical MusicxExcerptszIndiavFilm Song aBhosle, Asha aBurman. R. D. aBakshi, Anand